| 000 | 00541nam a22001697a 4500 | ||
|---|---|---|---|
| 008 | 161126s2009 gt||||| |||| 00| 0 spa d | ||
| 082 | 0 | 4 |
_a863 _bC157t |
| 100 | 1 |
_aCalles, Juan. _95630 |
|
| 245 | 1 | 0 |
_aTriciclo : _bcuentos cortos / _cJuan Calles. |
| 250 | _a1a ed. | ||
| 260 |
_aGuatemala : _bEdiciones Bizarras, _c2009. |
||
| 300 | _a60 p. | ||
| 500 | _aImagen de portada por Carlos Chiroy e ilustraciones por Alejandra Medina. | ||
| 653 | 1 | 0 | _aLiteratura Latinoamericana |
| 653 | 1 | 0 | _aCuentos - Guatemala |
| 653 | 1 | 0 | _aLiteratura - Guatemala |
| 999 |
_c1095 _d1095 |
||